The Bible Retold in Pictures : In the Beginning /

में बचाया:
ग्रंथसूची विवरण
स्वरूप: पुस्तक
भाषा:अंग्रेज़ी
प्रकाशित: Nueva York, EUA : Granada, 1980, c1980
विषय:
टैग: टैग जोड़ें
कोई टैग नहीं, इस रिकॉर्ड को टैग करने वाले पहले व्यक्ति बनें!

MARC

LEADER 00000nam^a2200000^a^4500
001 000395181
005 20250521000000.0
009 20260310121355.833
020 |a 0-583-30388-9 
025 |a Donación Buena Prensa, 1 ejemplar (noviembre 2016) 
037 |a Acervo Xavier Clavigero 
041 |a ING 
082 |a 220. 6  |b BIR V. 1 
240 1 5 |a [The Bible Retold in Pictures] 
245 0 4 |a The Bible Retold in Pictures :  |b In the Beginning / 
264 4 |a Nueva York, EUA :  |b Granada,  |c 1980, c1980 
300 |a 128 p. 
336 |a texto  |b txt  |2 rdacontenido 
337 |a sin mediación  |b n  |2 rdamedio 
338 |a volumen  |b nc  |2 rdasoporte 
649 |a XX 
650 |a Biblia -  |x Antiguo Testamento -  |x Historia y Crítica -  |x Tema Principal 
650 |a Biblia -  |x Grabados, Ilustraciones, etc. 
650 |a Libros Sagrados -  |x Historia y Crítica 
650 |a Judaísmo 
650 |a Religión 
910 |a Fondo General 
920 |a Impresos - Libros 
930 |a Colección General 
905 |a 101 
901 |a 0500290396  |b IT1  |c ACC  |i FXC D  |u 20250521 
902 |a https://opac.biblio.iteso.mx/vufind/Record/000395181